Príprava a vlastnosti komplexov s očakávanou SOD aktivitou diplomová práca

Saved in:
Bibliographic Details
Main Author: Hrindová, Dominika
Format: Book
Language:Slovak
Published: Bratislava STU FCHPT 2016
Online Access:View in OPAC
Tags: Add Tag
No Tags, Be the first to tag this record!

MARC

LEADER 00000nam a2200000 a 4500
005 20260127134118.0
008 160704 2016 000 0 slo d
035 |a vtls011564616 
039 9 |y 201607040915  |z mschk03 
040 |a STUSCHK1  |b slo  |c STUSCHK1  |e AACR2 
100 1 |a Hrindová, Dominika 
245 1 |a Príprava a vlastnosti komplexov s očakávanou SOD aktivitou  |b diplomová práca  |c Dominika Hrindová 
260 |a Bratislava  |b STU FCHPT  |c 2016 
300 |a 68 s.  |b il.  |c 25 cm 
500 |a Študijný program: technická chémia 
500 |a Študijný odbor: chémia, chemické technológie 
500 |a Školiace pracovisko: Odd. anorganickej chémie 
500 |a Evid. číslo: FCHPT-104542-42619 
910 |a SCHK95 
999 |c 4356  |d 4356